00626 2200193 4500001002100000005001500021035002000036007000300056008003900059082001500098084002100113100001700134245012600151260007000277300004100347650001100388650002000399022001300419INLIS00000000000106220241021093202 a0010-1024000032ta241021 | | |  a631.53-634 a631.53-634 SIL h0 aSilva, A A R1 aHydrogen peroxide in attenuation of salt stress effects on physiological indicators and growth of soursop /cSilva, A A R aBrazil, São Carlos :bInstituto Internacional de Ecologia,c2024 a1-8 hlm, :bilus, ;c21 cm X 29,5 cm 4aJurnal 4aBudidaya Sirsak a16784375